Therme Vals

Na minha lista:
Detalhes bibliográficos
Autor principal: Zumthor, Peter (Author)
Formato: Livro
Idioma:inglês
Publicado em: Zurich : Scheidegger a Spiess, 2007
Assuntos:
Tags: Adicionar Tag
Sem tags, seja o primeiro a adicionar uma tag!

MARC

LEADER 00000nam a22000003a 4500
001 stu143172
005 20150617225952.2
008 070710s2007------------------------eng-d
020 |a 978-2-88474-572-7 
040 |a STU  |b slo 
041 0 |a eng 
100 1 |a Zumthor, Peter  |4 aut 
245 1 |a Therme Vals 
260 |a Zurich :  |b Scheidegger a Spiess,  |c 2007 
300 |a 191 s 
650 7 |a thermal bath  |2 estusub 
650 7 |a architektúra švajčiarska  |2 stusub 
650 7 |a Architektonická kompozícia  |2 stusub 
650 7 |a Zumthor,Peter  |2 stusub 
996 |b 284AU03547  |c A*5388 U  |l AAKNAR  |s A  |a 24  |w stu143172_0001